Statistics for "C" Countries By Continent

Click here to take the quiz!

General Stats

  • This quiz has been taken 45 times
  • The average score is 12 of 12

Answer Stats

QuestionAnswer% Correct
CameroonAfrica
100%
Central African RepublicAfrica
100%
ChadAfrica
100%
ChileSouth America
100%
ColombiaSouth America
100%
Côte d'Ivoire / Ivory CoastAfrica
95%
CambodiaAsia
95%
CroatiaEurope
95%
CzechiaEurope
95%
Cape Verde / Cabo VerdeAfrica
93%
CubaNorth America
93%
Costa RicaNorth America
85%

Score Distribution

Percentile by Number Answered

Percent of People with Each Score

Your Score History

You have not taken this quiz